000 00702cam a2200229 a 4500
001 3351211
005 20180117034035.0
008 860530s1986 nyua b 001 0 eng
010 _a 86014296
020 _a089862665X
040 _aDLC
_cDLC
_dDLC
041 _aeng
043 _an-us---
080 _a333.7
082 0 0 _a333.7 VAL
_219
100 1 _a19
101 _aSHP
245 1 0 _aProgress against growth :
_cedited by Thomas R. Vale ; introduction by Garrett Hardin ; drawings by Faye Field ; figures by Adrienne Morgan.
504 _aBibliography: p. 343-351.
906 _a7
_bcbc
_corignew
_d1
_eocip
_f19
_gy-gencatlg
942 _2ddc
_cBK
999 _c40395
_d40395